Music Quiz

Random Music or Singers Quiz

Bands in Concert III Quiz Stats

 Plays Quiz Updated Feb 11, 2015

Challenge
Share
Tweet
Score 0/25 Timer 07:00
2 Plays Today
% Correct
The Jackson 5
98.8%
The Rolling Stones
90.1%
ABBA
83.3%
The Police
83.1%
Village People
82.4%
One Direction
81.2%
Maroon 5
81.1%
Alice Cooper
78.6%
Destiny's Child
77.6%
Bruce Springsteen & the E Street Band
76.7%
Daft Punk
72.5%
'N Sync
66.2%
Run-DMC
65.2%
% Correct
The Dixie Chicks
62.7%
Heart
56.8%
Elvis Costello & The Imposters
53.4%
Mumford & Sons
53.4%
Eagles
50%
Poison
47.8%
Pearl Jam
44.3%
Blink-182
41.2%
The Clash
37.4%
Lady Antebellum
35.7%
Judas Priest
33%
The Black Keys
25.8%

You're not logged in!

Compare scores with friends on all Sporcle quizzes.
OR
Log In

You Might Also Like...

Show Comments

Extras

Top Quizzes Today


Score Distribution

Your Account Isn't Verified!

In order to create a playlist on Sporcle, you need to verify the email address you used during registration. Go to your Sporcle Settings to finish the process.

Report this User

Report this user for behavior that violates our Community Guidelines.

Details: